000 00689nam a2200277Ia 4500
005 20260324133458.0
008 008 260324s9999 xx 000 0 eng d
020 _a9780429220784
037 _aEBOOK
040 _aCRL
040 _beng
040 _cCRL
041 _2eng
041 _aeng
084 _qCRL
100 _aI.K. Lifanov; L.N. Poltavskii; MG.M. Vainikko
_91193251
245 0 _aHypersingular Integral Equations and Their Applications
260 _bTaylor and Francis
260 _c2003
365 _a
365 _b105
856 _uhttp://www.taylorfrancis.com/books/9780429220784
942 _cEBOOK
999 _c1792316
_d1792316